00293nam a2200097Ia 4500008004100000100002400041245002200065245004500087260000900132856005400141160531s9999 xx 000 0 und d aRustamov, Rustam B. aEarth Observation cby Rustam B. Rustamov, Saida E. Salahova c2012 uhttp://www.intechopen.com/books/earth-observation